• 首页
  • 本馆介绍
  • 公告通知
  • 最新文献
  • 馆藏检索
  • 电子资源
  • 读者导购
  • 参考咨询
  • 我的图书馆
  • 登录
  • 详细信息显示
  • 放入我的书架
  • 预约/预借图书
  • 作者相关作品
  • 分类相关作品
  • 丛书相关作品
  • 出版社相关作品

书目信息

  • 表格格式
  • 工作单格式
  • 卡片格式
题名:
FBI微表情
    
 
作者: 许大鹏 著
分册:  
出版信息: 北京   台海出版社  2017
页数: 236页
开本: 24cm
丛书名:
单 册:
中图分类: B842.6-49
科图分类:
主题词: 表情--心理学--通俗读物
电子资源:
ISBN: 978-7-5168-1326-3
000 01010nam0 2200241 450
001 150
005 20180519111716.61
010    @a978-7-5168-1326-3@dCNY39.80
100    @a20170905d2017 em y0chiy50 ea
101 0  @achi
102    @aCN@b110000
105    @ay z 000yy
200 1  @aFBI微表情@9FBI wei biao qing@f许大鹏著
210    @a北京@c台海出版社@d2017
215    @a236页@d24cm
314    @a许大鹏,知名心理学畅销书作家,致力于心理咨询以及心理学图书的策划和创作,策划出版心理图书10余部,代表作有《心理学与微表情微反应》、《FBI微表情》等。
330    @a本书是一本心理学实用读本。本书从FBI特工、犯罪分子识别、肢体语言解读、测谎、言语分析的不同角度,为读者全面介绍FBI在与恐怖主义和各种犯罪作斗争实践中积累的心理知识,对读者学习犯罪侦查、犯罪心理都大有裨益。
512 1  @aFBI微表情@9FBI wei biao qing@e美国联邦警察教你超实用心理策略
606 0  @a表情@x心理学@j通俗读物
690    @aB842.6-49@v5
701  0 @a许大鹏@9xu da peng@4著
801  0 @aCN@b91MARC@c20170905
905    @aMuseLib@dB842.6@e1989
    
    FBI微表情/许大鹏著.-北京:台海出版社,2017
    236页;24cm
    
    
    ISBN 978-7-5168-1326-3:CNY39.80
    本书是一本心理学实用读本。本书从FBI特工、犯罪分子识别、肢体语言解读、测谎、言语分析的不同角度,为读者全面介绍FBI在与恐怖主义和各种犯罪作斗争实践中积累的心理知识,对读者学习犯罪侦查、犯罪心理都大有裨益。
●
相关链接 在E读中查询图书 在五车中查询图书 在当当中查询图书 在豆瓣中查询图书


正题名:FBI微表情     索取号:B842.6/1989         预约/预借

序号 登录号 条形码 馆藏地/架位号 状态 备注
1 1066758   210667580   第一样本阅览室/ [索取号:B842.6/1989] 在馆    
2 1066759   210667599   密集书库-马院/ [索取号:B842.6/1989] 在馆    
3 1066760   210667606   第一借阅区/ [索取号:B842.6/1989] 在馆    
4 1066761   210667615   第一借阅区/ [索取号:B842.6/1989] 在馆    
5 1066762   210667624   第一借阅区/ [索取号:B842.6/1989] 在馆    
6 1066763   210667633   第一借阅区/ [索取号:B842.6/1989] 在馆    
7 1100826   211008265   第一借阅区/ [索取号:B842.6/1989] 在馆    
8 1100827   211008274   教育系资料室/ [索取号:B842.6/1989] 在馆    
9 1100828   211008283   教育系资料室/ [索取号:B842.6/1989] 在馆    
10 1100829   211008292   教育系资料室/ [索取号:B842.6/1989] 在馆    
11 1100830   211008309   第一借阅区/ [索取号:B842.6/1989] 在馆    
12 1100831   211008318   第一借阅区/ [索取号:B842.6/1989] 在馆    
唐山师范学院图书馆 欢迎您!
大连网信软件有限公司© 版权所有